Statistiques concernant Personnage mystère #41

Cliquez ici pour prendre le quiz!

Statistiques générales

  • Ce quiz a été pris 162 fois
  • Le résultat moyen est 5 sur 7

Statistiques - réponses

LettresIndices% Correct
MOMEHHomme
100%
RAYELIHNTBLabyrinthe
78%
CERGEUQGrecque
77%
RATEAUUTaureau
75%
GOLITEYOMHMythologie
68%
TOMERSNMonstre
65%
Nom du personnageLe Minotaure
61%

Distribution des résultats

Percentile par nombre de réponses

% des personnes avec chaque résultat

Votre développement - résultats

Vous n’avez pas pris ce quiz